| 000 | 00663nam a22001937a 4500 | ||
|---|---|---|---|
| 005 | 20100823123651.0 | ||
| 010 | _aENG-101342 | ||
| 020 | _c750.00 | ||
| 035 | _aEN-84875 | ||
| 037 | _bDBAD/PUB | ||
| 082 | _a385.0954 | ||
| 100 |
_aJain, Ashok K. _917212 |
||
| 245 |
_a42 summers : _bon board the Indian railways / _cby Ashok K. Jain |
||
| 260 |
_aGurgaon _bAcademic Press _c2010 |
||
| 270 |
_a887/5, Patel Nagar _bGurgaon _e122001 |
||
| 300 |
_a359 p. : _c24cm (Hb) _bill |
||
| 942 |
_2ddc _cEN _h385.0954 _mJAI |
||
| 999 |
_c43024 _d43024 |
||